000 00595nam a2200205Ia 4500
005 20250923145242.0
008 008 250917s9999 xx 000 0 eng d
037 _aTextual
040 _aDSWL
_beng
_cDSWL
041 _aeng
_2eng
084 _aX8(D6,78):9.56, N70
_qDSWL
100 _aHunter, L.C.
_9833377
245 0 _aLabour Problems of technological change
_cby L.C. Hunter
260 _aLondon
_bGeorge Allen & Unwin
_c1970
300 _ax,374p.
365 _aINR
_b80
925 _g80
942 _cTEXL
_hX8(D6,78):9.56, N70
999 _c1449001
_d1449001